000 00352nam a22001337a 4500
008 260616b |||||||| |||| 00| 0 eng d
020 _a978-902-479992-3
100 _aMANJATE TERESA
245 _aA representacao do poder nos proverbios
_bcaso tsonga
250 _a1ed
260 _aMaputo
_bTexto Editora
_c2014
300 _a215P
942 _2udc
_cBK
999 _c56380
_d56379